Asian and African Studies
Gespeichert in:
| Format: | Schriftenreihe |
|---|---|
| Sprache: | Englisch |
| Veröffentlicht: |
Bratislava
Slovenská akadémia vied
|
| Schlagworte: | |
| Tags: |
Keine Tags, Fügen Sie das erste Tag hinzu!
|
MARC
| LEADER | 00000nas1a2200000 4500 | ||
|---|---|---|---|
| 001 | 0224245 | ||
| 005 | 20250701092130.4 | ||
| 022 | |a 1335-1257 | ||
| 041 | 0 | |a eng | |
| 044 | |a SK | ||
| 245 | 1 | 0 | |a Asian and African Studies |
| 264 | 1 | |a Bratislava |b Slovenská akadémia vied | |
| 610 | 2 | 0 | |a veda ekonomická |
| 610 | 2 | 0 | |a Ázia |
| 610 | 2 | 0 | |a Afrika |
| 610 | 2 | 0 | |a správa verejná |
| 610 | 2 | 0 | |a sociológia |